| 000 | 00780nam a2200265Ia 4500 | ||
|---|---|---|---|
| 001 | Para_4549 | ||
| 003 | CHAP | ||
| 008 | 220125s1947 xx 000 0 und d | ||
| 010 | _a203030 | ||
| 040 | _cCHAP | ||
| 090 | _aPA FOLLETO 1832 | ||
| 100 |
_aMayer, E. L _973232 |
||
| 245 |
_aNicotine insecticides : _b Part TV-Preliminary toxicity tests with nicotinium salts / _c E. L. Mayer, [et.al.] |
||
| 260 |
_aWashington : _b Department of Agriculture |
||
| 300 | _a10 p. | ||
| 440 |
_aEUA. Dept. of Agriculture; E-725 _9168609 |
||
| 650 |
_aNicotina como insecticida _981215 |
||
| 901 | _aPA FOLLETO 1832 | ||
| 902 | _aA | ||
| 905 | _a0000001947 WAS 0000000000 00 | ||
| 910 | _a1947 | ||
| 942 | _cPARA | ||
| 942 |
_cPARA _d1 |
||
| 999 |
_c203030 _d203030 |
||